Improvements in abrasion resistance and heat resistance by using a new crosslinking agent (Record no. 60879)

MARC details
000 -LEADER
fixed length control field 00549nam a2200157Ia 4500
100 ## - MAIN ENTRY--AUTHOR NAME
Personal name Kleiner T
245 #0 - TITLE STATEMENT
Title Improvements in abrasion resistance and heat resistance by using a new crosslinking agent
260 ## - PUBLICATION, DISTRIBUTION, ETC. (IMPRINT)
Name of publisher International Conference and Exhibition on Rubber and Allied Materials Asia Rub Tech Expo 2002. 28-30 November 2002, New Delhi. pp.208-219.
650 ## - SUBJECT ADDED ENTRY--TOPICAL TERM
Topical Term Abrasion resistance
650 ## - SUBJECT ADDED ENTRY--TOPICAL TERM
Topical Term Aging
700 ## - ADDED ENTRY--PERSONAL NAME
Personal name Jeske W
700 ## - ADDED ENTRY--PERSONAL NAME
Personal name Katkar K D
700 ## - ADDED ENTRY--PERSONAL NAME
Personal name Loreth W
942 ## - ADDED ENTRY ELEMENTS (KOHA)
Koha item type Journals
Holdings
Withdrawn status Lost status Damaged status Not for loan Home library Current library Shelving location Date acquired Koha item type
      Journals RRII Library RRII Library Rubber chemistry 17/12/2021 Journals